01140nam a2200241Ia 4500003000400000005001700004008004100021020001800062040002700080041000800107082002600115100004800141245010900189250002200298260007800320300004600398504003300444505028100477534005200758650001900810650003300829650003600862OSt20200710125847.0130821s2007 xxua gr spa  a9781403144775 aCo-BoUCMbspacCO-JMCR0 aspa04a299.936 / bH875p2211 aHubbard, Lafayette Ronaldd1911-1986eautor14aLos problemas del trabajo scientology aplicada al mundo del trabajo cotidianocLafayette Ronald Hubbard aPrimera edición aLos Angeles (California, Estados Unidos) : bBridge publications, c2007. a197 páginas :bilustraciones ; c24 cm. aIncluye glosario e índice.0 a¿De qué depende conservar un empleo? -- Cómo manejar las confusiones del mundo del trabajo cotidiano? -- ¿Es necesario el trabajo? -- El secreto de la eficiencia -- La vida como un juego -- Afinidad, Realidad y comunicación -- El agotamiento -- El hombre que triunfa  tDianetics the modern sciencie of mental health.14aCienciología24aSatisfacción en el trabajo24aTrabajoxAspectos psicolg̤icos